000 00759nam a22002177a 4500
005 20140813153014.0
010 _aB-528966-967 ENG-110469
020 _a8188069523
_c350.00
035 _aB-528966-967
035 _aEN-94001
037 _adpl
_bJanvani Parkashan/Ven
037 _bDBAD/PUB
082 _a320
100 _aRatnam, Kamla
245 _aHand book of political science & constitution quiz book /
_cby Kamla Ratnam
260 _aDelhi
_bSwarjya Mandir Prakashan
_c2012
270 _aBlock C-8, H.No.174, Yamuna Vihaar
_bDelhi
_e110053
300 _a176p.
_c22cm(Hb)
942 _2ddc
_cEN
_h320
_mRAT
999 _c85055
_d85055